| 000 | 00488nam a2200181 a 4500 | ||
|---|---|---|---|
| 001 | 165 | ||
| 003 | CO-ViMGA | ||
| 008 | 141112s2004 ck r 000 u spa d | ||
| 040 |
_aCO-ViMGA _bspa _cCO-ViMGA |
||
| 082 | 0 | 4 | _aCo863.6 M87a |
| 100 | 1 |
_aMutis, Alvaro _92830 |
|
| 245 | 1 | 0 |
_aAbdul Bashur, Soñador de navíos / _cAlvaro Mutis |
| 260 |
_aSantafé de Bogotá : _bNorma, _c1991 |
||
| 300 | _a190 p | ||
| 490 | _aLa otra orilla | ||
| 650 | 1 | 4 |
_aNOVELA COLOMBIANA _91193 |
| 942 |
_2ddc _cBK |
||
| 999 |
_c12413 _d12413 |
||